=LDR 00000nam 2200000 4500 =001 INLIS000000000019337 =005 20130612114417 =008 ***********************************Ind** =035 ##$$0010-061300000019337 =041 ##$$a Ind =082 ##$$a 152.4 =090 ##$$a 152.4, Mal c =100 ##$$a Maliki, La Odet =245 ##$$a Cerita insani, sebuah episode ungkapan cerita, La Ode Malingi =260 ##$$a 2004 $b mataram =300 ##$$a vii, 109 hlm, 15 cm =650 ##$$a Cerita =850 ##$$a NBPNMAT